000 00469nam a22001937a 4500
003 MPLRDC
005 20220104123630.0
008 210129b ||||| |||| 00| 0 eng d
020 _a957-9329-68-0
082 _a607 YDG
100 _a于大光等著
245 _a影响中国的100 个人物
_c
250 _a初版
260 _a
_b太雅出版有限公司
_c1994
300 _b
490 _a太雅100. 6
650 _a史地杂著
942 _cBK
_o607 YDG
999 _c12955
_d12945